<?xml version="1.0" encoding="UTF-8"?>
<record
    xmlns:xsi="http://www.w3.org/2001/XMLSchema-instance"
    xsi:schemaLocation="http://www.loc.gov/MARC21/slim http://www.loc.gov/standards/marcxml/schema/MARC21slim.xsd"
    xmlns="http://www.loc.gov/MARC21/slim">

  <leader>01090nam a2200277 a 4500</leader>
  <controlfield tag="001">BRL_1491</controlfield>
  <controlfield tag="005">20190320211231.0</controlfield>
  <controlfield tag="008">270114s19uu----mx-ao#####---#000-0#spa-#</controlfield>
  <datafield tag="041" ind1=" " ind2=" ">
    <subfield code="a">spa</subfield>
  </datafield>
  <datafield tag="044" ind1=" " ind2=" ">
    <subfield code="a">mx</subfield>
  </datafield>
  <datafield tag="050" ind1=" " ind2="4">
    <subfield code="a">F1221.M39</subfield>
    <subfield code="b">.M39 1900</subfield>
  </datafield>
  <datafield tag="245" ind1="1" ind2="0">
    <subfield code="a">Mayo M&#xE1;scaras</subfield>
    <subfield code="c">dibujos Alberto Beltr&#xE1;n ; fot&#xF3;grafos Milosh Trnka [y] Oscar Torrero.</subfield>
  </datafield>
  <datafield tag="260" ind1=" " ind2=" ">
    <subfield code="a">[Sinaloa]</subfield>
    <subfield code="b">Gobierno del Estado de Sinaloa, Direcci&#xF3;n de Investigaci&#xF3;n y Fomento de Cultura Regional</subfield>
    <subfield code="c">[19--]</subfield>
  </datafield>
  <datafield tag="300" ind1=" " ind2=" ">
    <subfield code="a">43 p.</subfield>
    <subfield code="b">il., fotograf&#xED;as (algunas a color)</subfield>
    <subfield code="c">21 cm.</subfield>
  </datafield>
  <datafield tag="440" ind1=" " ind2="0">
    <subfield code="a">Rescate y divulgaci&#xF3;n</subfield>
    <subfield code="9">23231</subfield>
  </datafield>
  <datafield tag="500" ind1=" " ind2=" ">
    <subfield code="a">Au1742</subfield>
  </datafield>
  <datafield tag="500" ind1=" " ind2=" ">
    <subfield code="a">Estado f&#xED;sico: Ultimas hojas desprendidas.</subfield>
  </datafield>
  <datafield tag="505" ind1="0" ind2=" ">
    <subfield code="a">Contenido: El hombre y la m&#xE1;scara / Jos&#xE9; Ch&#xE1;vez Morado.- Las m&#xE1;scaras entre los ind&#xED;genas mayos / Juan Manual G&#xF3;mez y Mariangela Rodr&#xED;guez.</subfield>
  </datafield>
  <datafield tag="650" ind1="1" ind2="4">
    <subfield code="a">Mayos</subfield>
    <subfield code="x">M&#xE1;scaras</subfield>
    <subfield code="9">27080</subfield>
  </datafield>
  <datafield tag="650" ind1="1" ind2="4">
    <subfield code="a">Indigenas de M&#xE9;xico</subfield>
    <subfield code="x">M&#xE1;scaras</subfield>
    <subfield code="9">27081</subfield>
  </datafield>
  <datafield tag="700" ind1="1" ind2=" ">
    <subfield code="a">Beltr&#xE1;n, Alberto</subfield>
    <subfield code="e">il.</subfield>
    <subfield code="9">9572</subfield>
  </datafield>
  <datafield tag="700" ind1="1" ind2=" ">
    <subfield code="a">Trnka, Milosh</subfield>
    <subfield code="e">il.</subfield>
    <subfield code="9">27082</subfield>
  </datafield>
  <datafield tag="700" ind1="1" ind2=" ">
    <subfield code="a">Torrero, Oscar</subfield>
    <subfield code="e">il.</subfield>
    <subfield code="9">27083</subfield>
  </datafield>
  <datafield tag="902" ind1=" " ind2=" ">
    <subfield code="a">GRL</subfield>
  </datafield>
  <datafield tag="942" ind1=" " ind2=" ">
    <subfield code="2">lcc</subfield>
    <subfield code="c">B</subfield>
  </datafield>
  <datafield tag="999" ind1=" " ind2=" ">
    <subfield code="c">10301</subfield>
    <subfield code="d">10301</subfield>
  </datafield>
  <datafield tag="952" ind1=" " ind2=" ">
    <subfield code="0">0</subfield>
    <subfield code="1">0</subfield>
    <subfield code="4">0</subfield>
    <subfield code="7">0</subfield>
    <subfield code="a">BRL</subfield>
    <subfield code="b">BRL</subfield>
    <subfield code="d">2014-01-27</subfield>
    <subfield code="i">Au1742</subfield>
    <subfield code="l">0</subfield>
    <subfield code="o">F1221.M39 .M39 1900 (Au1742)</subfield>
    <subfield code="p">GRL01650</subfield>
    <subfield code="r">2019-03-22 00:00:00</subfield>
    <subfield code="w">2019-03-22</subfield>
    <subfield code="y">B</subfield>
  </datafield>
</record>
